Historia de imágenes y pinturas sagradas /

Na minha lista:
Detalhes bibliográficos
Autor principal: Molano, Juan (autor)
Outros Autores: Reyes García, Bulmaro (edición) (edición), Corvera Poiré, Marcela (introducción) (introducción)
Formato: Livro
Idioma:espanhol
Publicado em: México : UNAM, 2017, c2017
Assuntos:
Tags: Adicionar Tag
Sem tags, seja o primeiro a adicionar uma tag!

MARC

LEADER 00000nam^a2200000^a^4500
001 000409275
005 20250521000000.0
009 20260310122016.586
020 |a 978-607-02-9689-5 
037 |a Acervo ITESO - Biblioteca 
041 |a ESP 
082 |a 704. 9482  |b MOL 
100 |a Molano, Juan  |e (autor) 
245 1 0 |a Historia de imágenes y pinturas sagradas /  |c J. Molano ; ed. del texto latino, nota editorial y tr. por B. Reyes García ; introd. de M. Corvera Poiré. 
264 4 |a México :  |b UNAM,  |c 2017, c2017 
300 |a XXXVIII, 295, 295 p. 
336 |a texto  |b txt  |2 rdacontenido 
337 |a sin mediación  |b n  |2 rdamedio 
338 |a volumen  |b nc  |2 rdasoporte 
500 |a Traducción de: De historia ss. imaginum et picturarum 
521 |a FIL 2018 EEnlace Centro de Promoción Cultural 
546 |a Edición bilingüe español-latín 
649 |a XX 
650 |a Pintura Religiosa -  |x Historia y Crítica 
650 |a Arte y Simbolismo Cristianos -  |x Historia y Crítica -  |x Tema Principal 
650 |a Arte Cristiano -  |x Historia y Crítica 
650 |a Arte Religioso -  |x Historia y Crítica 
650 |a Arte -  |x Historia y Crítica 
650 |a Contrarreforma -  |x Historia 
650 |a Catolicismo -  |x Historia -  |y Siglo XVI 
650 |a Cristianismo -  |x Historia -  |y Siglo XVI 
650 |a Religión -  |x Historia -  |y Siglo XVI 
650 |a Veneración 
650 |a Teología Doctrinal 
650 |a Estética 
700 |a Reyes García, Bulmaro  |e (edición) 
700 |a Corvera Poiré, Marcela  |e (introducción) 
910 |a Fondo General 
920 |a Impresos - Libros 
930 |a Colección General 
905 |a 101 
901 |a 0500317698  |b IT1  |c ACC  |i C162602  |u 20250521 
902 |a https://opac.biblio.iteso.mx/vufind/Record/000409275